|
|
|
|
| LEADER |
01931nam a2200505 a 4500 |
| 001 |
001359859 |
| 003 |
CZ BrMZK |
| 005 |
20140306093900.0 |
| 007 |
ta |
| 008 |
140116s2013 au ach g 000 mdger |
| 020 |
|
|
|a 978-3-222-13372-5
|q (váz.)
|
| 040 |
|
|
|a BOA001
|b cze
|
| 043 |
|
|
|a e-au---
|
| 045 |
|
|
|a x-x-
|
| 072 |
|
7 |
|a 821.112.2-3
|x Německá próza, německy psaná
|2 Konspekt
|9 25
|
| 080 |
|
|
|a 821.112.2(436)-32
|2 MRF
|
| 080 |
|
|
|a 821.112.2(436)-3
|2 MRF
|
| 080 |
|
|
|a 821.112.2(436)-051
|2 MRF
|
| 080 |
|
|
|a 821(=411.16)-051
|2 MRF
|
| 080 |
|
|
|a 821(=411.16)-3
|2 MRF
|
| 080 |
|
|
|a (436)
|2 MRF
|
| 080 |
|
|
|a (0:82-32)
|2 MRF
|
| 080 |
|
|
|a (0:82-3)
|2 MRF
|
| 080 |
|
|
|a (0:82-4)
|2 MRF
|
| 080 |
|
|
|a (082.21)
|2 MRF
|
| 100 |
1 |
|
|a Zweig, Stefan,
|d 1881-1942
|7 jn19990009471
|4 aut
|
| 245 |
1 |
0 |
|a "Ich habe das Bedürfnis nach Freunden" :
|b Erzählungen, Reiseberichte, Essays und unbekannte Texte /
|c Stefan Zweig ; Klemens Renoldner (Hg.)
|
| 260 |
|
|
|a Wien :
|b Styria Premium,
|c c2013
|
| 300 |
|
|
|a 520 s. :
|b il., portréty, faksim. ;
|c 22 cm
|
| 504 |
|
|
|a Obsahuje bibliografii
|
| 600 |
1 |
7 |
|a Zweig, Stefan,
|d 1881-1942
|7 jn19990009471
|2 czenas
|
| 648 |
|
7 |
|a 20. století
|7 ch460558
|2 czenas
|
| 650 |
0 |
7 |
|a rakouští spisovatelé
|7 ph125026
|y 19.-20. stol.
|2 czenas
|
| 650 |
0 |
7 |
|a židovští spisovatelé
|7 ph128012
|z Rakousko
|y 19.-20. stol.
|2 czenas
|
| 650 |
0 |
7 |
|a rakouská próza
|7 ph125013
|y 20. stol.
|2 czenas
|
| 650 |
0 |
7 |
|a židovská próza
|7 ph127995
|z Rakousko
|y 20. stol.
|2 czenas
|
| 655 |
|
7 |
|a rakouské příběhy
|7 fd183189
|2 czenas
|
| 655 |
|
7 |
|a rakouské prózy
|7 fd202942
|2 czenas
|
| 655 |
|
7 |
|a eseje
|7 fd132213
|2 czenas
|
| 655 |
|
7 |
|a výbory
|7 fd133853
|2 czenas
|
| 700 |
1 |
|
|a Renoldner, Klemens,
|d 1953-
|7 xx0130945
|4 edt
|
| 910 |
|
|
|a BOA001
|b RK-0006.270
|
| 990 |
|
|
|a BK
|
| 991 |
|
|
|b 201403
|c NOV
|e b
|x 33
|
| 996 |
7 |
|
|b 261A007520
|c RK-0006.270
|l Rakouská knihovna/2.patro
|r ZHR
|n 1
|p dar
|h B-zwe
|w 001394656
|u 000010
|a 0
|e BOA001
|j MZK50
|s A
|